Vocabulary Words With Three R's - Statistics

General Stats
  • This quiz has been taken 77 times
  • The average score is 10 of 20
Answer Stats
Hint Answer % Correct
obstacle; the Great Reef is one barrier
93%
practitioner who adjusts misaligned joints chiropractor
85%
keeps food and drinks cool refrigerator
82%
red fruit strawberry
72%
Tarantino movie that has no dogs in it {Reservoir} Dogs
68%
"running" bird found in Mexican and SW US deserts roadrunner
67%
draw ridiculous electoral boundaries for partisan advantage gerrymander
58%
engine part that mixes fuel with air carburettor
57%
oral translator interpreter
55%
business owner proprietor
52%
member of a military parachute regiment paratrooper
47%
one who shoes horses farrier
45%
US and UK Virgin Islands are two examples territory
45%
a baseball side records one after a fielding blooper error
43%
money manager in an organisation treasurer
32%
soldier, esp one of great courage warrior
28%
committer of criminal or evil acts perpetrator
27%
one ounce South African gold coin Krugerrand
25%
repeat occurrence recurrence
15%
wields political power behind the scenes powerbroker
2%
No matching quizzes found
Score Distribution
Percent of People with Each Score
Percentile by Number Answered
Your Score History
You have not taken this quiz